01111cam a2200253 a 450000100100000000500170001000800410002704000250006808200180009310000470011124500560015826000620021430000210027649000470029750400740034450501000041865000300051865000310054883000550057991000070063404900090064195201900065099900170084000002014520200929170303.0790309s1940 ag 000 e spa d aDO-SdBNPbspacBNPHU a864.6bÓ77L1 aOrtega y Gasset, José,d1883-1955.9576913aEl libro de las misiones /cJosé Ortega y Gasset. aBuenos Aires, Argentina :bEspasa-Calpe Argentina,c1940. a172 p. ;c18 cm.1 aAustral. Verde: ensayos y filosofíav101 aIncluye referencias bibliográficas y notas al pie de las páginas.0 aMisión del bibliotecario--Misión de la universidad--Miseria y esplendor de la traducción. 4aEnsayos españoles93095 4aLiteratura española9632 0aAustral.pVerde: ensayos y filosofía;v10198733 aWM aBNGR 001054708MOaGRbGRcHDd2010-07-23iLF1l0o864.6 Ó77Lp20145-10r2020-06-25w2020-06-25y4zPerteneció a la biblioteca personal de Carlos Larrabazal Blanco.ZPréstamo en sala c19653d19653